000 00411nam a2200181Ia 4500
001 13014
005 20260306163022.0
008 260306t2010||||xx |||||||||||||| ||spa||
041 _aESP
082 _aRD 657.03
_bG79
100 _aGreco, O.
_eAUT
245 0 _aDiccionario contable
260 _c2010
300 _a512 páginas :
_c22 cm.
650 _aGEN
654 _aCCO
942 _cDIC
_dJUS
_fJUS
_2ddc
_n
999 _c13014
_d13014